<?xml version="1.0" encoding="UTF-8"?>
<record
    xmlns:xsi="http://www.w3.org/2001/XMLSchema-instance"
    xsi:schemaLocation="http://www.loc.gov/MARC21/slim http://www.loc.gov/standards/marcxml/schema/MARC21slim.xsd"
    xmlns="http://www.loc.gov/MARC21/slim">

  <leader>03606nam a2200589Ia 4500</leader>
  <controlfield tag="001">4280</controlfield>
  <controlfield tag="008">241029s9999    xx            000 0 und d</controlfield>
  <datafield tag="010" ind1=" " ind2=" ">
    <subfield code="a">4025</subfield>
  </datafield>
  <datafield tag="041" ind1=" " ind2=" ">
    <subfield code="a">Espa&#xF1;ol</subfield>
  </datafield>
  <datafield tag="082" ind1=" " ind2=" ">
    <subfield code="a">MEI-14-003</subfield>
  </datafield>
  <datafield tag="245" ind1=" " ind2="0">
    <subfield code="a">Incidencia de la expresi&#xF3;n musical en el desarrollo de las competencias curriculares del Nivel Inicial en los ni&#xF1;os de pre-primario, Tanda Vespertina del Centro Educativo Herminia P&#xE9;rez, Distrito Educativo 08-03, Santiago, Per&#xED;odo escolar 2013-2014.</subfield>
  </datafield>
  <datafield tag="260" ind1=" " ind2=" ">
    <subfield code="a">Santiago</subfield>
  </datafield>
  <datafield tag="300" ind1=" " ind2=" ">
    <subfield code="a">127</subfield>
  </datafield>
  <datafield tag="520" ind1=" " ind2=" ">
    <subfield code="a">5</subfield>
  </datafield>
  <datafield tag="630" ind1=" " ind2=" ">
    <subfield code="a">Actitud de los Docentes</subfield>
  </datafield>
  <datafield tag="630" ind1=" " ind2=" ">
    <subfield code="a">Actores Educativos</subfield>
  </datafield>
  <datafield tag="630" ind1=" " ind2=" ">
    <subfield code="a">Aprendizaje</subfield>
  </datafield>
  <datafield tag="630" ind1=" " ind2=" ">
    <subfield code="a">Calidad Educativa</subfield>
  </datafield>
  <datafield tag="630" ind1=" " ind2=" ">
    <subfield code="a">Estrategias Pedag&#xF3;gicas</subfield>
  </datafield>
  <datafield tag="650" ind1=" " ind2=" ">
    <subfield code="a">Competencia Ling&#xFC;&#xED;stica</subfield>
  </datafield>
  <datafield tag="690" ind1=" " ind2=" ">
    <subfield code="a">Elaborado</subfield>
  </datafield>
  <datafield tag="700" ind1=" " ind2=" ">
    <subfield code="e">asesor</subfield>
    <subfield code="a"> Jimini&#xE1;n, Yanet </subfield>
  </datafield>
  <datafield tag="700" ind1=" " ind2=" ">
    <subfield code="e">autor</subfield>
    <subfield code="a">Medrano, Tomasina </subfield>
  </datafield>
  <datafield tag="700" ind1=" " ind2=" ">
    <subfield code="e">autor</subfield>
    <subfield code="a"> Rodr&#xED;guez, Yngris </subfield>
  </datafield>
  <datafield tag="700" ind1=" " ind2=" ">
    <subfield code="e">autor</subfield>
    <subfield code="a">Cruz, Huendy </subfield>
  </datafield>
  <datafield tag="901" ind1=" " ind2=" ">
    <subfield code="a">{"1":"Medrano","2":" Rodr&#xED;guez","3":"Cruz"}</subfield>
    <subfield code="b">{"1":"Tomasina ","2":"Yngris ","3":"Huendy "}</subfield>
  </datafield>
  <datafield tag="902" ind1=" " ind2=" ">
    <subfield code="a">1</subfield>
  </datafield>
  <datafield tag="903" ind1=" " ind2=" ">
    <subfield code="a">{"1":" Jimini&#xE1;n"}</subfield>
    <subfield code="b">{"1":"Yanet "}</subfield>
  </datafield>
  <datafield tag="904" ind1=" " ind2=" ">
    <subfield code="a">Mag&#xED;ster en</subfield>
  </datafield>
  <datafield tag="905" ind1=" " ind2=" ">
    <subfield code="a">Educaci&#xF3;n Inicial</subfield>
  </datafield>
  <datafield tag="906" ind1=" " ind2=" ">
    <subfield code="a">2</subfield>
  </datafield>
  <datafield tag="907" ind1=" " ind2=" ">
    <subfield code="a">NO APLICA</subfield>
  </datafield>
  <datafield tag="908" ind1=" " ind2=" ">
    <subfield code="a">NO APLICA</subfield>
  </datafield>
  <datafield tag="909" ind1=" " ind2=" ">
    <subfield code="a">Universidad Abierta para Adultos (UAPA), Recinto Santiago</subfield>
  </datafield>
  <datafield tag="910" ind1=" " ind2=" ">
    <subfield code="a">NULL</subfield>
    <subfield code="b">NULL</subfield>
  </datafield>
  <datafield tag="911" ind1=" " ind2=" ">
    <subfield code="a">["1"]</subfield>
  </datafield>
  <datafield tag="912" ind1=" " ind2=" ">
    <subfield code="a">NO APLICA</subfield>
  </datafield>
  <datafield tag="913" ind1=" " ind2=" ">
    <subfield code="a">NULL</subfield>
  </datafield>
  <datafield tag="914" ind1=" " ind2=" ">
    <subfield code="a">15 de Mayo de 2014</subfield>
  </datafield>
  <datafield tag="915" ind1=" " ind2=" ">
    <subfield code="a">03/07/15 08:07</subfield>
  </datafield>
  <datafield tag="916" ind1=" " ind2=" ">
    <subfield code="a">NULL</subfield>
  </datafield>
  <datafield tag="917" ind1=" " ind2=" ">
    <subfield code="a">NULL</subfield>
  </datafield>
  <datafield tag="918" ind1=" " ind2=" ">
    <subfield code="a">NO APLICA</subfield>
  </datafield>
  <datafield tag="919" ind1=" " ind2=" ">
    <subfield code="a">["4","7","18","29","245"]</subfield>
  </datafield>
  <datafield tag="520" ind1=" " ind2=" ">
    <subfield code="a">El estudio plante&#xF3; como objetivo general determinar la incidencia de la expresi&#xF3;n musical en el desarrollo de las competencias curriculares del Nivel Inicial en los ni&#xF1;os de pre-primario B y D vespertino del Centro Educativo Herminia P&#xE9;rez, Distrito Educativo 08-03, Santiago. Per&#xED;odo escolar 2013-2014.Esta fue una investigaci&#xF3;n bibliogr&#xE1;fica, de campo y descriptiva. Entre las t&#xE9;cnicas utilizadas est&#xE1; la encuesta, y la investigaci&#xF3;n bibliogr&#xE1;fica, el an&#xE1;lisis de contenido y el fichaje. Empleando el m&#xE9;todo &#xA0;el deductivo.El universo de la investigaci&#xF3;n estuvo compuesto por los 30 ni&#xF1;os de pre-primario del Centro Educativo Herminia P&#xE9;rez, los cuales est&#xE1;n conformados por las secciones de la tarda vespertina, de acuerdo a los registros del Distrito Educativo 08-03, de la ciudad de Santiago. Adem&#xE1;s dos docentes y una coordinadora.Los resultados confirmaron que el 100% del equipo docente del Tercer Ciclo del Nivel Inicial posee el grado acad&#xE9;mico de licenciatura. Tambi&#xE9;n, el 50 % de las encuestadas han realizado una especialidad en el Desarrollo integral del ni&#xF1;o, y en el Desarrollo de competencias Educativas.Se evidenci&#xF3; que hubo coincidencia en un 100% entre las docentes, coordinadora y ni&#xF1;os, ya que todos estuvieron de acuerdo en afirmar que entre las dimensiones que se trabajan en el Nivel inicial para fortalecer la Expresi&#xF3;n Musical est&#xE1;n: la Dimensi&#xF3;n cognitiva, la motriz, la del lenguaje y la socioemocional.El estudio recomend&#xF3; a las Autoridades del Distrito Educativo 08-03, Ofrecer a las docentes que laboran en el Tercer Ciclo del Nivel Inicial cursos talleres relacionados con la Expresi&#xF3;n Musical en el desarrollo de las competencias curriculares para que estas contin&#xFA;en mejorando la calidad de la educaci&#xF3;n que ofrecen a los ni&#xF1;os de este nivel.Para visualizar este estudio en su totalidad haga click aqu&#xED;</subfield>
  </datafield>
  <datafield tag="921" ind1=" " ind2=" ">
    <subfield code="a">11</subfield>
  </datafield>
  <datafield tag="922" ind1=" " ind2=" ">
    <subfield code="a">11</subfield>
  </datafield>
  <datafield tag="923" ind1=" " ind2=" ">
    <subfield code="a">0</subfield>
  </datafield>
  <datafield tag="924" ind1=" " ind2=" ">
    <subfield code="a">NO APLICA</subfield>
  </datafield>
  <datafield tag="942" ind1=" " ind2=" ">
    <subfield code="c">Tesis</subfield>
  </datafield>
  <datafield tag="999" ind1=" " ind2=" ">
    <subfield code="c">4025</subfield>
    <subfield code="d">4025</subfield>
  </datafield>
</record>
